Statistics for Dallas Mavericks NBA Awards Winners

Click here to take the quiz!

General Stats

  • This quiz has been taken 420 times
  • The average score is 4 of 7

Answer Stats

Player% Correct
Dirk Nowitzki
100%
Luka Doncic
93%
Jason Kidd
80%
Jason Terry
64%
Avery Johnson
25%
Antawn Jamison
12%
Roy Tarpley
11%

Score Distribution

Percentile by Number Answered

Percent of People with Each Score

Your Score History

You have not taken this quiz